000 01646nam a2200469 c 4500
001 46071
003 ES-MaCES
005 20150925134801.0
008 150701s2013 sp o000 ||spa d
017 _aM 52461-2013
_bDL
020 _a8460795837
040 _aES-MaCES
_bspa
_cES-MaCES
100 1 _aMees, Ludger
_918307
245 1 0 _aSistemas universitarios en Europa y EEUU
_cPello Salaburu, dir. ; [autores], Ludger Mees, Juan Ignacio Pérez
260 _a[Madrid]
_bAcademia Europea de Ciencias y Artes, España
_c[2013]
300 _a253 p.
_bgráf. bl. y n.
_c30 cm
490 1 _aDocumento de trabajo
500 _aTít. tomado de la cub
500 _aEjemp. fotocopiado
504 _aBibliografía y págs. web: p. 248-253
541 _cGratuito
650 4 _aenseñanza superior
_927379
650 4 _aadministración educativa
_927207
650 4 _apresupuesto de la educación
_927398
650 4 _agraduado universitario
_927443
650 4 _aequivalencia de certificados
_929943
650 4 _aEstados Unidos
_928373
650 4 _aEuropa
_926940
650 4 _aEspaña
_926964
650 4 _aAlemania
_926944
650 4 _aFrancia
_926943
650 4 _aItalia
_926952
650 4 _aestudio de casos
_928846
653 1 0 _aEducación
650 4 _927434
_auniversidad
700 1 _aPérez, Juan Ignacio
_935817
700 1 _aSalaburu, Pello
_935818
_edir.
710 2 _aAcademia Europea de Ciencias y Artes
_bDelegación Española
_eed.
_91213
830 0 _aDocumento de trabajo (Academia Europea de Ciencias y Artes. Delegación Española)
_934015
902 _aDOC Literatura gris
942 _2CES
_cBK
_h4.0.
999 _c46071
_d46071